000 00528nmm a2200169Ia 4500
008 251105s9999||||xx |||||||||||||||||und||
020 _a9788427716247
041 _aspa
100 _aGarcía Aretio, Lorenzo
245 0 _aClaves para la Educación. Actores, agentes y escenarios en la sociedad actual
264 _a[Madrid, España] :
_bNarcea Ediciones,
_c2009
300 _a343 páginas
490 _aObras básicas UNED
650 _aEducation
856 _uhttps://public.digitaliapublishing.com/a/28935
942 _cCF
999 _c80707
_d80707